[Event "Washington Open"]
[Site "Chess.com"]
[Date "2020.05.23"]
[Round "?"]
[White "Tran, Nugen"]
[Black "Stein, Daniel"]
[Result "0-1"]
[WhiteElo "1047"]
[BlackElo "1555"]
[PlyCount "64"]
[EventDate "2020.??.??"]

1. d4 Nf6 2. c4 e5 3. dxe5 Ng4 4. Nf3 Bc5 5. e3 Nc6 6. Be2 Ngxe5 7. O-O Nxf3+
8. Bxf3 Ne5 9. Nd2 O-O 10. Re1 Re8 11. Rb1 a5 12. b3 Ra6 13. Be2 Rh6 14. Nf3
Nxf3+ 15. Bxf3 d6 16. h3 Qh4 17. Bg4 Bb4 18. Rf1 f5 19. Bf3 Rf8 20. Qd4 f4 21.
Bd5+ Kh8 22. Bb2 Rg6 23. Be4 Bc5 24. Qc3 Bf5 25. Bxf5 Rxf5 26. exf4 Rg3 27.
Rbe1 Rf8 28. Qc2 Qxf4 29. Re2 Qf3 30. Bxg7+ Rxg7 31. g3 Rxg3+ 32. Kh2 Qg2# 0-1

[Event "Washington Open"]
[Site "Chess.com"]
[Date "2020.05.24"]
[Round "?"]
[White "Tran, Nugen"]
[Black "Jammalamadaka, Vihaan"]
[Result "0-1"]
[WhiteElo "1047"]
[BlackElo "1312"]
[PlyCount "104"]
[EventDate "2020.??.??"]

1. d4 d5 2. c4 c6 3. Nc3 dxc4 4. e4 b5 5. a4 b4 6. Na2 e6 7. Bxc4 Nf6 8. e5 Nd5
9. Nf3 a5 10. O-O Be7 11. Qe2 O-O 12. Be3 Nd7 13. b3 N7b6 14. Bd3 h6 15. Bd2 f5
16. Nc1 Nc3 17. Bxc3 bxc3 18. Qc2 Nd5 19. Na2 Bb4 20. Bc4 Bb7 21. Bxd5 cxd5 22.
Rac1 Rc8 23. Nxb4 axb4 24. Ne1 Ba6 25. Nd3 Bxd3 26. Qxd3 Qb6 27. Rc2 g5 28. Ra1
Ra8 29. g3 Qa6 30. Qxa6 Rxa6 31. Kf1 f4 32. Ke2 Kg7 33. Rcc1 Kg6 34. g4 h5 35.
f3 hxg4 36. fxg4 Rh8 37. Rh1 Rh3 38. Rad1 Ra7 39. Rd3 Rh4 40. h3 Rah7 41. a5
Rxg4 42. Rf3 Rg2+ 43. Rf2 Rxf2+ 44. Kxf2 Ra7 45. Ra1 Kf5 46. Kf3 Rh7 47. Rh1
Rxh3+ 48. Rxh3 g4+ 49. Kg2 gxh3+ 50. Kxh3 c2 51. a6 c1=Q 52. a7 Qh1# 0-1

[Event "Washington Open"]
[Site "Chess.com"]
[Date "2020.05.25"]
[Round "?"]
[White "Tran, Nugen"]
[Black "Shanmugam, Meera"]
[Result "0-1"]
[WhiteElo "1047"]
[BlackElo "1224"]
[PlyCount "84"]
[EventDate "2020.??.??"]

1. d4 d5 2. c4 e6 3. Nc3 Be7 4. Nf3 Nf6 5. Bg5 O-O 6. e3 h6 7. Bf4 b6 8. Bd3
Bb7 9. O-O Nbd7 10. Re1 Re8 11. a3 a5 12. Rc1 Rc8 13. Ne2 c5 14. Ng3 dxc4 15.
Bxc4 g5 16. Be5 Nh7 17. Bd3 f6 18. Bxh7+ Kxh7 19. Qc2+ Kh8 20. Qg6 Bf8 21. Bd6
Bg7 22. Nh5 Rg8 23. Nxg7 Rxg7 24. Qxh6+ Kg8 25. Qh3 g4 26. Qh4 gxf3 27. Bg3
fxg2 28. dxc5 bxc5 29. Qc4 Kf7 30. Red1 Qe8 31. Qa4 Bc6 32. Qxa5 Ra8 33. Qc7
Rc8 34. Qa7 Kg8 35. Qa5 Qd8 36. Qd2 Qb6 37. Qc2 Bd5 38. Rd2 Nf8 39. b4 Nh7 40.
bxc5 Qc6 41. Qc3 Ng5 42. Rb2 Nh3# 0-1

[Event "Washington Open"]
[Site "Chess.com"]
[Date "2020.05.23"]
[Round "?"]
[White "Devaraju, Sonia"]
[Black "Ruff, Lois"]
[Result "1-0"]
[WhiteElo "1543"]
[BlackElo "1027"]
[PlyCount "55"]
[EventDate "2020.??.??"]

1. e4 c5 2. Nf3 e6 3. c3 Nf6 4. e5 Nd5 5. d4 cxd4 6. cxd4 Nc6 7. Nc3 Bb4 8. Bd2
Nxc3 9. bxc3 Be7 10. Bd3 O-O 11. Qc2 h6 12. h4 a6 13. g4 f5 14. g5 h5 15. g6 b5
16. d5 exd5 17. Bxf5 d6 18. e6 Bb7 19. Ng5 d4 20. Nf7 Qb6 21. Rg1 Nd8 22. Nh6+
Kh8 23. Bg5 Bxg5 24. Rxg5 Qc6 25. Rxh5 Qh1+ 26. Kd2 Qf3 27. Nf7+ Kg8 28. Rh8#
1-0

[Event "Washington Open"]
[Site "Chess.com"]
[Date "2020.05.24"]
[Round "?"]
[White "Gurumurthy, Srikrishna"]
[Black "Ruff, Lois"]
[Result "1-0"]
[WhiteElo "1232"]
[BlackElo "1027"]
[PlyCount "129"]
[EventDate "2020.??.??"]

1. d4 d5 2. c4 c6 3. Nc3 Bf5 4. Bf4 e6 5. Nf3 Bb4 6. e3 Nf6 7. a3 Bxc3+ 8. bxc3
Ne4 9. Qb3 Qd7 10. Nh4 O-O 11. Nxf5 exf5 12. cxd5 cxd5 13. f3 Nf6 14. Bg3 Nc6
15. Bd3 Na5 16. Qb2 Nc4 17. Bxc4 dxc4 18. O-O b6 19. Qb4 Qe6 20. Rfe1 a6 21.
Bf2 a5 22. Qb5 Rfc8 23. Rab1 Nd5 24. Qb2 Rab8 25. Qd2 a4 26. Rb2 Qe7 27. Ra2 g6
28. e4 fxe4 29. fxe4 Nc7 30. Qh6 Qf8 31. Qxf8+ Rxf8 32. Bg3 Rbc8 33. Rb2 b5 34.
Bxc7 Rxc7 35. Rxb5 Re8 36. Ra5 Rb7 37. Rxa4 Rb3 38. Rxc4 Rxa3 39. e5 Ra2 40.
Rb1 Rea8 41. d5 Re2 42. d6 Rxe5 43. Rd4 Kf8 44. c4 f5 45. Rb7 h5 46. d7 Rd8 47.
Rc7 Ke7 48. c5 Re1+ 49. Kf2 Re4 50. Rxe4+ fxe4 51. c6 g5 52. Rc8 g4 53. Ke3 h4
54. Kxe4 h3 55. g3 Rxd7 56. cxd7 Kxd7 57. Rg8 Ke6 58. Rg6+ Kf7 59. Rb6 Ke8 60.
Rb7 Kd8 61. Rh7 Ke8 62. Ke5 Kf8 63. Kf6 Kg8 64. Rd7 Kh8 65. Kg6 1-0

[Event "Washington Open"]
[Site "Chess.com"]
[Date "2020.05.23"]
[Round "?"]
[White "Murarka, Avni"]
[Black "Elliott, William"]
[Result "0-1"]
[WhiteElo "1026"]
[BlackElo "1541"]
[PlyCount "112"]
[EventDate "2020.??.??"]

1. e4 c6 2. d4 d5 3. Nc3 dxe4 4. Nxe4 Bf5 5. Nc3 Nf6 6. Nf3 e6 7. Bg5 Be7 8.
Bc4 Nbd7 9. O-O O-O 10. Nh4 Bg4 11. f3 Bh5 12. g4 Bg6 13. Nxg6 hxg6 14. h4 Nb6
15. Bb3 Nfd5 16. Bxe7 Qxe7 17. Qe1 Nxc3 18. bxc3 Nd5 19. Bxd5 cxd5 20. Qg3 Rfc8
21. f4 Rc4 22. Rf2 Rac8 23. Rf3 Qa3 24. Raf1 Rxc3 25. Rxc3 Rxc3 26. Qh2 Qxa2
27. Rc1 Qb2 28. Qd2 a5 29. Qd1 Rc7 30. Rb1 Qc3 31. Rb3 Qc4 32. c3 b5 33. Qb1
Rb7 34. Ra3 Qc7 35. Qa2 a4 36. Qb2 Qxf4 37. Rxa4 Qxg4+ 38. Kh2 Qxh4+ 39. Kg2
Qg4+ 40. Kf2 Qh4+ 41. Kg2 bxa4 42. Qxb7 Qd8 43. Qa6 Qe8 44. Qa5 f5 45. Qa6 g5
46. Qe2 a3 47. Qa2 Qe7 48. Kg3 Kf7 49. Kf3 g4+ 50. Kf4 g5+ 51. Kg3 Qd6+ 52. Kg2
f4 53. Kf2 f3 54. Ke3 Qf4+ 55. Kd3 f2 56. Ke2 f1=Q# 0-1

[Event "Washington Open"]
[Site "Chess.com"]
[Date "2020.05.24"]
[Round "?"]
[White "Murarka, Avni"]
[Black "Shanmugam, Meera"]
[Result "0-1"]
[WhiteElo "1026"]
[BlackElo "1224"]
[PlyCount "96"]
[EventDate "2020.??.??"]

1. e4 e5 2. Nf3 Nf6 3. Nxe5 d6 4. Nf3 Nxe4 5. Qe2 Qe7 6. d3 Nf6 7. Qxe7+ Bxe7
8. Be2 O-O 9. O-O d5 10. Nc3 a6 11. Bf4 c6 12. Rfe1 Nbd7 13. Bf1 Re8 14. Ne5 h6
15. Nxd7 Bxd7 16. Re2 g5 17. Be5 Nh7 18. Rae1 f6 19. Bd4 Bd6 20. Rxe8+ Bxe8 21.
Re6 Bf8 22. Bxf6 Bd7 23. Re3 Nxf6 24. Rf3 Bg7 25. d4 g4 26. Re3 c5 27. Rd3 Bf5
28. Rd1 Bxc2 29. Rd2 cxd4 30. Rxc2 dxc3 31. Rxc3 d4 32. Bc4+ Kh8 33. Rd3 Re8
34. Kf1 Ne4 35. Bf7 Rf8 36. Bg6 Nxf2 37. Rg3 Nh1+ 38. Kg1 Nxg3 39. hxg3 d3 40.
Bxd3 Bxb2 41. Be2 Bd4+ 42. Kh1 h5 43. Bd3 Bf2 44. a4 Bxg3 45. Kg1 Rd8 46. Bf1
Rd1 47. a5 h4 48. Kh1 Rxf1# 0-1

[Event "Washington Open"]
[Site "Chess.com"]
[Date "2020.05.25"]
[Round "?"]
[White "Murarka, Avni"]
[Black "Suess, Wade"]
[Result "0-1"]
[WhiteElo "1026"]
[BlackElo "1195"]
[PlyCount "102"]
[EventDate "2020.??.??"]

1. e4 e5 2. Nf3 Nc6 3. Nc3 Nf6 4. Bb5 Bb4 5. O-O O-O 6. d3 d6 7. Bg5 Bxc3 8.
bxc3 Qe7 9. Nh4 h6 10. Nf5 Bxf5 11. Bxf6 Qxf6 12. exf5 Qxf5 13. Qf3 Qxf3 14.
gxf3 Ne7 15. d4 Ng6 16. dxe5 Nxe5 17. Kg2 c6 18. Bd3 Rfe8 19. Rfe1 Re6 20. f4
Nxd3 21. cxd3 Rae8 22. Kf1 Rxe1+ 23. Rxe1 Rxe1+ 24. Kxe1 Kh7 25. Ke2 Kg6 26.
Ke3 Kf5 27. Kf3 d5 28. d4 b6 29. Ke3 Kg4 30. Kd3 Kh3 31. c4 Kxh2 32. cxd5 cxd5
33. Ke3 Kg2 34. Ke2 h5 35. f3 h4 36. f5 h3 37. f6 gxf6 38. f4 h2 39. f5 h1=Q
40. a4 Qf1+ 41. Ke3 Qf3+ 42. Kd2 Kf2 43. a5 Qe3+ 44. Kc2 bxa5 45. Kb2 Qd3 46.
Ka2 Qc3 47. Kb1 Qd2 48. Ka1 Ke3 49. Kb1 Kd3 50. Ka1 Kc3 51. Kb1 Qb2# 0-1

[Event "Washington Open"]
[Site "Chess.com"]
[Date "2020.05.25"]
[Round "?"]
[White "Williamson, Michelle"]
[Black "Murarka, Avni"]
[Result "1-0"]
[WhiteElo "1118"]
[BlackElo "1026"]
[PlyCount "103"]
[EventDate "2020.??.??"]

1. c4 e5 2. Nc3 Nf6 3. g3 Nc6 4. Bg2 Bc5 5. e3 O-O 6. Nge2 d6 7. O-O Be6 8. d4
exd4 9. exd4 Bb6 10. d5 Bf5 11. dxc6 bxc6 12. Bxc6 Rb8 13. Bg2 Bg4 14. Na4 Re8
15. Re1 Qe7 16. Kf1 Ne4 17. Nxb6 Rxb6 18. f3 Qf6 19. Nf4 g5 20. Nd5 Qf5 21.
Nxb6 axb6 22. Kg1 Qc5+ 23. Be3 Qe5 24. fxg4 Nf6 25. Bf2 Qa5 26. Rxe8+ Nxe8 27.
Qe1 Qxe1+ 28. Rxe1 Kf8 29. Bc6 Nf6 30. h3 Kg7 31. Bd4 h6 32. Bxf6+ Kxf6 33. Re8
Kg6 34. Rc8 f6 35. Rxc7 f5 36. gxf5+ Kxf5 37. Bd5 g4 38. hxg4+ Kxg4 39. Kg2 h5
40. Rc6 h4 41. gxh4 Kxh4 42. Rxb6 Kg4 43. a3 Kh4 44. a4 Kh5 45. Rxd6 Kg4 46. a5
Kh5 47. a6 Kh4 48. a7 Kh5 49. a8=Q Kh4 50. Rg6 Kh5 51. Rg3 Kh4 52. Qh8# 1-0

[Event "Washington Open"]
[Site "Chess.com"]
[Date "2020.05.23"]
[Round "?"]
[White "Zhu, Florina"]
[Black "Nallabothula, Vineesh"]
[Result "1/2-1/2"]
[WhiteElo "1506"]
[BlackElo "1025"]
[PlyCount "86"]
[EventDate "2020.??.??"]

1. e4 c6 2. d4 d5 3. Nc3 dxe4 4. Nxe4 Bf5 5. Ng3 Bg6 6. h4 h6 7. h5 Bh7 8. Nf3
Nf6 9. Bd3 Bxd3 10. Qxd3 Qb6 11. O-O e6 12. c4 Be7 13. b3 O-O 14. Be3 Qc7 15.
a3 c5 16. dxc5 Bxc5 17. Bxc5 Qxc5 18. b4 Qc7 19. a4 Rd8 20. Qc2 Nc6 21. Rab1
Nd4 22. Nxd4 Rxd4 23. c5 Rh4 24. b5 Nxh5 25. c6 bxc6 26. Qxc6 Qxc6 27. bxc6
Nxg3 28. fxg3 Rc4 29. Rfc1 Rxc1+ 30. Rxc1 Rc8 31. Kf2 Kf8 32. Ke3 Ke7 33. Rc5
Kd6 34. Ra5 Ra8 35. Ra6 Kc7 36. Kd4 Kd6 37. g4 f6 38. c7+ Kxc7 39. Rxe6 Kd7 40.
Ra6 Kc7 41. Kc5 Kd7 42. Rd6+ Kc7 43. Ra6 Kd7 1/2-1/2

[Event "Washington Open"]
[Site "Chess.com"]
[Date "2020.05.23"]
[Round "?"]
[White "Karthikeyan, Harishkumar"]
[Black "Nallabothula, Vineesh"]
[Result "1-0"]
[WhiteElo "1088"]
[BlackElo "1025"]
[PlyCount "131"]
[EventDate "2020.??.??"]

1. e4 c6 2. d4 d5 3. exd5 cxd5 4. Nf3 Nf6 5. Be2 e6 6. Bf4 Bd6 7. Bxd6 Qxd6 8.
Nc3 Nc6 9. Nb5 Qd7 10. Nc3 O-O 11. O-O a6 12. Bd3 h6 13. Na4 b5 14. Nb6 Qb7 15.
Nxa8 Qxa8 16. Re1 Nb4 17. c3 Nxd3 18. Qxd3 Re8 19. h3 Qc6 20. Ne5 Qb6 21. Qf3
b4 22. cxb4 Qxd4 23. Qc3 Qb6 24. Qc6 Qxb4 25. Ng4 Qe7 26. Nxf6+ gxf6 27. Re3
Qd7 28. Qxd7 Bxd7 29. Rc1 f5 30. Rc7 Rd8 31. Rb3 Bb5 32. Rbc3 Kg7 33. Rc2 Bc4
34. b3 Bb5 35. f4 Bd3 36. Rd2 Be4 37. Ra7 Rd6 38. Rb7 Kf6 39. Rb4 Rc6 40. Kf2
h5 41. Rb8 Kg6 42. Rg8+ Kf6 43. Rg5 Rc2 44. Rxc2 Bxc2 45. Rxh5 Kg7 46. Rg5+ Kf6
47. Rg8 Bd3 48. h4 Bb1 49. h5 Bxa2 50. h6 a5 51. h7 Bxb3 52. h8=Q+ Ke7 53. Qa1
a4 54. Ra8 Kd6 55. Rxa4 Bxa4 56. Qxa4 f6 57. Qa6+ Kd7 58. Ke3 Ke7 59. Kd4 Kd7
60. Qb6 Ke7 61. Qc6 Kd8 62. Qxe6 Kc7 63. Kxd5 Kd8 64. Qf7 Kc8 65. Kc6 Kd8 66.
Qd7# 1-0

[Event "Washington Open"]
[Site "Chess.com"]
[Date "2020.05.25"]
[Round "?"]
[White "Nallabothula, Vineesh"]
[Black "Devadithya, Hiruna"]
[Result "0-1"]
[WhiteElo "1025"]
[BlackElo "1148"]
[PlyCount "48"]
[EventDate "2020.??.??"]

1. e4 c5 2. Nc3 e6 3. g3 Nc6 4. Bg2 Nf6 5. d3 d5 6. exd5 exd5 7. Nf3 Bg4 8. Qd2
d4 9. Ne2 Bd6 10. Nf4 Bxf4 11. Qxf4 Qe7+ 12. Kd1 O-O 13. Re1 Qd7 14. Bd2 h6 15.
Bc1 Nd5 16. Qd2 Rfe8 17. Rxe8+ Rxe8 18. b3 Nc3+ 19. Qxc3 dxc3 20. Be3 Nd4 21.
Bxd4 cxd4 22. a4 Qe7 23. a5 Bxf3+ 24. Bxf3 Qe1# 0-1

[Event "Washington Open"]
[Site "Chess.com"]
[Date "2020.05.23"]
[Round "?"]
[White "Sundaram, Raghav K"]
[Black "Rodriguez, Odysseus"]
[Result "0-1"]
[WhiteElo "1200"]
[BlackElo "1499"]
[PlyCount "70"]
[EventDate "2020.??.??"]

1. e4 c6 2. d4 d5 3. exd5 cxd5 4. Nf3 Nc6 5. c4 Nf6 6. Bf4 Bg4 7. Be2 dxc4 8.
Bxc4 Bxf3 9. Qxf3 Qxd4 10. Bb3 Qxb2 11. Qc3 Qxc3+ 12. Nxc3 a6 13. O-O e6 14.
Na4 Be7 15. Nb6 Rd8 16. Bc7 Rd4 17. Rfd1 Rxd1+ 18. Rxd1 O-O 19. Nd7 Rc8 20.
Nxf6+ Bxf6 21. Bg3 Nd4 22. Bh4 Bxh4 23. Rxd4 Rc1+ 24. Bd1 Bf6 25. Rd2 Kf8 26.
f3 Ke7 27. Kf2 b5 28. a4 bxa4 29. Bxa4 Rc7 30. Ra2 Bc3 31. Bc2 a5 32. Ra4 h6
33. g4 e5 34. Ke3 Bb4 35. f4 Rxc2 0-1

[Event "Washington Open"]
[Site "Chess.com"]
[Date "2020.05.24"]
[Round "?"]
[White "Sundaram, Raghav K"]
[Black "O'Brien, Hansol"]
[Result "1-0"]
[WhiteElo "1200"]
[BlackElo "1229"]
[PlyCount "59"]
[EventDate "2020.??.??"]

1. e4 e5 2. Nf3 Nc6 3. Bc4 Bc5 4. O-O Nf6 5. d4 exd4 6. e5 d5 7. exf6 dxc4 8.
Re1+ Be6 9. Ng5 Qxf6 10. Nxe6 fxe6 11. Qh5+ Kd7 12. Qxc5 Rhf8 13. Rf1 Kc8 14.
Bg5 Qf7 15. Qxc4 h6 16. Bh4 g5 17. Bg3 Qf6 18. Nd2 h5 19. h3 h4 20. Bh2 Rg8 21.
Rae1 Kd7 22. Ne4 Qf5 23. Nc5+ Ke7 24. Rxe6+ Kf8 25. Nd7+ Kg7 26. Be5+ Nxe5 27.
Nxe5 Raf8 28. Qxc7+ Kh8 29. Rh6+ Qh7 30. Rxh7# 1-0

[Event "Washington Open"]
[Site "Chess.com"]
[Date "2020.05.24"]
[Round "?"]
[White "Jammalamadaka, Vihaan"]
[Black "Sundaram, Raghav K"]
[Result "1-0"]
[WhiteElo "1312"]
[BlackElo "1200"]
[PlyCount "73"]
[EventDate "2020.??.??"]

1. d4 d6 2. c4 Nd7 3. Nc3 e5 4. d5 Ngf6 5. e4 Be7 6. b4 O-O 7. Nf3 c6 8. Bg5
Nxd5 9. cxd5 Bxg5 10. dxc6 Nb8 11. c7 Qxc7 12. Nd5 Qd8 13. Nxg5 Qxg5 14. Nc7
Qd8 15. Nxa8 Nc6 16. a3 Be6 17. Be2 Qxa8 18. O-O Rd8 19. Bg4 Bc4 20. Re1 Nd4
21. Rc1 b5 22. Re3 d5 23. exd5 Qxd5 24. Qe1 h6 25. Rxe5 Qd6 26. Re8+ Rxe8 27.
Qxe8+ Kh7 28. Qe4+ g6 29. Rd1 Qa6 30. Qxd4 Qxa3 31. Re1 Qxb4 32. Re8 Qb1+ 33.
Bd1 g5 34. Rh8+ Kg6 35. Rg8+ Kf5 36. g4+ Ke6 37. Re8# 1-0

[Event "Washington Open"]
[Site "Chess.com"]
[Date "2020.05.25"]
[Round "?"]
[White "Kolar, Jonah"]
[Black "Sundaram, Raghav K"]
[Result "1/2-1/2"]
[WhiteElo "1187"]
[BlackElo "1200"]
[PlyCount "117"]
[EventDate "2020.??.??"]

1. d4 e6 2. Bf4 d5 3. Nf3 Nf6 4. h3 Be7 5. e3 O-O 6. c4 c5 7. Nc3 a6 8. Bd3 Nc6
9. O-O Qb6 10. Na4 Qa5 11. dxc5 Nb4 12. Be2 Bxc5 13. Nxc5 Qxc5 14. a3 Nc6 15.
Rc1 Qe7 16. Ne5 Nxe5 17. Bxe5 Rd8 18. Qc2 Ne4 19. Bf3 Ng5 20. Bg4 f6 21. Bh2 e5
22. Be2 Be6 23. cxd5 Bxd5 24. Bg4 Be6 25. Qc7 Rd7 26. Bxe6+ Qxe6 27. Qc2 Rad8
28. Rfd1 Ne4 29. Rxd7 Qxd7 30. Bxe5 Nxf2 31. Bxf6 Nxh3+ 32. gxh3 gxf6 33. Qc4+
Kh8 34. Qc3 Rg8+ 35. Kf2 Qf5+ 36. Ke1 Rg1+ 37. Kd2 Qf2+ 38. Kd3 Rxc1 39. Qxc1
Qf5+ 40. Kd4 Qxh3 41. Qc7 Qh4+ 42. Kd3 Qh1 43. Qe7 Qb1+ 44. Kc3 Qc1+ 45. Kb3
Qd1+ 46. Kb4 Qd2+ 47. Kc5 Qa5+ 48. Kc4 Qb5+ 49. Kd4 Qxb2+ 50. Ke4 Qc2+ 51. Kd4
Qb2+ 52. Kd3 Qb1+ 53. Kd2 Qg6 54. Qf8+ Qg8 55. Qxf6+ Qg7 56. Qd8+ Qg8 57. Qf6+
Qg7 58. Qd8+ Qg8 59. Qf6+ 1/2-1/2

[Event "Washington Open"]
[Site "Chess.com"]
[Date "2020.05.25"]
[Round "?"]
[White "Sundaram, Raghav K"]
[Black "Zhu, Florina"]
[Result "0-1"]
[WhiteElo "1200"]
[BlackElo "1506"]
[PlyCount "46"]
[EventDate "2020.??.??"]

1. e4 e5 2. Nf3 Nc6 3. Bc4 Bc5 4. O-O Nf6 5. d4 Bxd4 6. Nxd4 Nxd4 7. f4 d6 8.
fxe5 dxe5 9. Bg5 Qe7 10. Nc3 Be6 11. Bd5 c6 12. Bb3 Rd8 13. Qc1 h6 14. Bh4 g5
15. Bf2 b5 16. Bxe6 fxe6 17. Re1 b4 18. Ne2 Nxe4 19. Nxd4 Nxf2 20. Nxc6 Qc5 21.
Nxd8 Nh3+ 22. Kh1 Qg1+ 23. Rxg1 Nf2# 0-1

[Event "Washington Open"]
[Site "Chess.com"]
[Date "2020.05.23"]
[Round "?"]
[White "Singh, Saket"]
[Black "Zhang, Michael M."]
[Result "1-0"]
[WhiteElo "1484"]
[BlackElo "977"]
[PlyCount "51"]
[EventDate "2020.??.??"]

1. e4 e5 2. Nf3 Nc6 3. Nc3 Nf6 4. d4 exd4 5. Nxd4 Bc5 6. Be3 Nxd4 7. Bxd4 Bxd4
8. Qxd4 d6 9. Bc4 O-O 10. O-O-O Re8 11. e5 Nd7 12. exd6 c5 13. Qd5 Rf8 14. Rhe1
Nb6 15. Qxc5 Nxc4 16. Qxc4 Be6 17. Qd4 Qg5+ 18. f4 Qxg2 19. Rg1 Qxg1 20. Rxg1
g6 21. Ne4 Bxa2 22. Nf6+ Kg7 23. Nh5+ Kh6 24. Qg7+ Kxh5 25. Rg5+ Kh4 26. Qxh7#
1-0

[Event "Washington Open"]
[Site "Chess.com"]
[Date "2020.05.25"]
[Round "?"]
[White "Elliott, William"]
[Black "Zhang, Michael M."]
[Result "1-0"]
[WhiteElo "1541"]
[BlackElo "977"]
[PlyCount "59"]
[EventDate "2020.??.??"]

1. c4 e5 2. Nc3 Nc6 3. Nf3 Nf6 4. g3 Bb4 5. d3 d6 6. Bg2 d5 7. cxd5 Nxd5 8. Bd2
Nxc3 9. Bxc3 Bxc3+ 10. bxc3 O-O 11. O-O Re8 12. Rb1 Qf6 13. Qd2 Rd8 14. Qc2 Bg4
15. Rxb7 Rd7 16. Rfb1 Bxf3 17. Bxf3 h6 18. Qa4 Rd6 19. Rxc7 Nd4 20. cxd4 Rxd4
21. Qc2 Rad8 22. Be4 Qe6 23. Rxa7 Rc8 24. Rc7 Rxc7 25. Qxc7 g6 26. Qb8+ Kg7 27.
Qb3 Qxb3 28. axb3 f5 29. Bg2 f4 30. b4 1-0

[Event "Washington Open"]
[Site "Chess.com"]
[Date "2020.05.23"]
[Round "?"]
[White "Parashar, Parth"]
[Black "Brown, Northern"]
[Result "0-1"]
[WhiteElo "920"]
[BlackElo "1480"]
[PlyCount "116"]
[EventDate "2020.??.??"]

1. c4 g6 2. d4 Bg7 3. Nf3 d6 4. e3 Nf6 5. Nc3 O-O 6. Be2 Nbd7 7. O-O c6 8. h3
d5 9. b3 Qc7 10. Bb2 b6 11. Rc1 Qd6 12. Qd2 Bb7 13. Rfd1 Rad8 14. Qd3 e5 15.
dxe5 Nxe5 16. Nxe5 Qxe5 17. Rc2 Qe7 18. Bf3 dxc4 19. Qxc4 Rxd1+ 20. Bxd1 Qd6
21. Bf3 Rd8 22. Ne4 Nxe4 23. Qxe4 Bxb2 24. Rxb2 Rd7 25. Rc2 Kg7 26. Qc4 c5 27.
Bxb7 Rxb7 28. Qc3+ Qf6 29. Qxf6+ Kxf6 30. Rd2 Ke5 31. f3 b5 32. Rb2 Rc7 33. Rc2
c4 34. bxc4 Rxc4 35. Rxc4 bxc4 36. Kf1 Kd5 37. Ke1 Kc5 38. Kd2 Kb4 39. Kc2 a5
40. a3+ Kc5 41. Kc3 Kd5 42. g3 Kc5 43. a4 f6 44. e4 h5 45. g4 hxg4 46. hxg4 g5
47. Kd2 Kd4 48. Ke2 c3 49. Kd1 Kd3 50. Kc1 c2 51. f4 gxf4 52. e5 fxe5 53. g5 f3
54. g6 f2 55. Kb2 f1=Q 56. g7 c1=Q+ 57. Kb3 Qc4+ 58. Kb2 Qfc1# 0-1

[Event "Washington Open"]
[Site "Chess.com"]
[Date "2020.05.24"]
[Round "?"]
[White "Hack, Don"]
[Black "Parashar, Parth"]
[Result "1-0"]
[WhiteElo "1204"]
[BlackElo "920"]
[PlyCount "99"]
[EventDate "2020.??.??"]

1. d4 d5 2. c4 e6 3. Nf3 Nc6 4. e3 Nf6 5. Be2 Bd6 6. Nc3 O-O 7. O-O h6 8. a3
Na5 9. c5 Be7 10. Ne5 Bd7 11. b4 Nc6 12. Nxd7 Qxd7 13. Qc2 a6 14. Rd1 e5 15.
dxe5 Nxe5 16. Bb2 Ng6 17. Nxd5 Qc6 18. Nxe7+ Nxe7 19. Bf3 Qe6 20. Bxb7 Rab8 21.
Bf3 Ng6 22. g3 Ne5 23. Bg2 Rfe8 24. Rd4 Rbd8 25. Rad1 Rxd4 26. Rxd4 Nc6 27. Rd1
Ne5 28. h3 Nc4 29. Bxf6 Nxe3 30. fxe3 Qxe3+ 31. Qf2 gxf6 32. Qxe3 Rxe3 33. Rd7
Rxg3 34. Rxc7 Rxa3 35. Rc8+ Kg7 36. c6 a5 37. Ra8 axb4 38. Rxa3 bxa3 39. Bd5
Kf8 40. c7 a2 41. c8=Q+ Ke7 42. Qc7+ Ke8 43. Qxf7+ Kd8 44. Qxf6+ Kd7 45. Qe6+
Kd8 46. Bxa2 h5 47. Qf7 Kc8 48. Bd5 h4 49. Bc6 Kb8 50. Qb7# 1-0

[Event "Washington Open"]
[Site "Chess.com"]
[Date "2020.05.25"]
[Round "?"]
[White "O'Brien, Hansol"]
[Black "Parashar, Parth"]
[Result "0-1"]
[WhiteElo "1229"]
[BlackElo "920"]
[PlyCount "128"]
[EventDate "2020.??.??"]

1. e4 e5 2. Nf3 Nc6 3. Nc3 Bc5 4. Nxe5 Bxf2+ 5. Kxf2 Nxe5 6. d4 Nc6 7. Bc4 Qf6+
8. Ke1 Qxd4 9. Qe2 Nge7 10. Be3 Qe5 11. Qf3 Qf6 12. Qg3 O-O 13. Rf1 Qg6 14. Qf3
Ne5 15. Qe2 Nxc4 16. Qxc4 c6 17. g3 d6 18. Rd1 Be6 19. Qb4 b6 20. Qxd6 Rfe8 21.
Qf4 Rad8 22. Kf2 Ra8 23. a3 Qg4 24. Qxg4 Bxg4 25. Rd6 Red8 26. Rxd8+ Rxd8 27.
Kg1 h6 28. Rf2 f5 29. exf5 Nxf5 30. Bf4 g5 31. Be5 Re8 32. Bc7 Re1+ 33. Rf1
Rxf1+ 34. Kxf1 Ne3+ 35. Kf2 Nxc2 36. Bb8 a6 37. Na4 b5 38. Nc5 Bc8 39. Ne4 Nd4
40. Be5 Nf5 41. Nc5 Kf7 42. Kf3 a5 43. Nd3 Ke6 44. Bc7 a4 45. Nb4 Kf7 46. Kf2
Ne7 47. Bd6 Bb7 48. Be5 Nd5 49. Nd3 Kg6 50. Nc5 Bc8 51. Bd4 h5 52. Nd3 Kf5 53.
Ne5 c5 54. Bc3 Nxc3 55. bxc3 Kxe5 56. Ke3 b4 57. cxb4 cxb4 58. axb4 a3 59. b5
a2 60. b6 a1=Q 61. b7 Bxb7 62. Kf2 Qa2+ 63. Ke3 Ba6 64. Kf3 Qe2# 0-1

[Event "Washington Open"]
[Site "Chess.com"]
[Date "2020.05.23"]
[Round "?"]
[White "Williamson, Mobius"]
[Black "Bablani, Arnav"]
[Result "1-0"]
[WhiteElo "1399"]
[BlackElo "909"]
[PlyCount "83"]
[EventDate "2020.??.??"]

1. c4 e5 2. Nc3 Nf6 3. g3 Bb4 4. Bg2 Nc6 5. d3 O-O 6. Bd2 d6 7. a3 Bxc3 8. Bxc3
Bg4 9. Nf3 Qd7 10. O-O Bh3 11. b4 Ne7 12. Qc2 d5 13. Nxe5 Qf5 14. Bxh3 Qxh3 15.
Nf3 Nf5 16. Bxf6 gxf6 17. cxd5 Kh8 18. Qxc7 h5 19. Qc3 Kg7 20. Qc4 Rac8 21. Qb3
Rg8 22. Rac1 Rcd8 23. Rc7 h4 24. Qc4 Nxg3 25. fxg3 hxg3 26. Qf4 g2 27. Rf2 Kh8
28. Qxf6+ Rg7 29. Rxf7 Qh7 30. Rxg2 Rdg8 31. Rfxg7 Rxg7 32. Qxg7+ Qxg7 33. Rxg7
Kxg7 34. d6 Kf6 35. h4 Ke6 36. h5 Kxd6 37. h6 Ke6 38. h7 Kd5 39. h8=Q Kc6 40.
Qe5 Kb6 41. Qc5+ Ka6 42. Qa5# 1-0

[Event "Washington Open"]
[Site "Chess.com"]
[Date "2020.05.25"]
[Round "?"]
[White "Bablani, Arnav"]
[Black "Bhatia, Tanush"]
[Result "0-1"]
[WhiteElo "909"]
[BlackElo "1091"]
[PlyCount "136"]
[EventDate "2020.??.??"]

1. e4 e5 2. Nf3 Nc6 3. Bb5 a6 4. Bxc6 dxc6 5. Nc3 Bg4 6. d3 Qf6 7. Be3 Bd6 8.
h3 Bxf3 9. Qxf3 Qxf3 10. gxf3 Nf6 11. O-O-O O-O-O 12. Rhg1 Rhg8 13. Bg5 Bc5 14.
Rg2 h6 15. Bh4 g5 16. Bg3 Rde8 17. Rdg1 Nh5 18. h4 Nxg3 19. Rxg3 Bxf2 20. Rg4
Bxg1 21. Rxg1 gxh4 22. Rh1 Rg3 23. Rxh4 Rh8 24. Rh5 Rg5 25. Rh3 h5 26. Ne2 Rgg8
27. Ng3 Kb8 28. Rh1 h4 29. Nf5 h3 30. Ne3 h2 31. Ng4 Ka7 32. Kd2 Kb6 33. Kc3
Rg5 34. Kd2 Rgh5 35. Ke3 f5 36. exf5 Rxf5 37. Ke4 Rfh5 38. Ke3 Rh3 39. Kf2 Kc5
40. c3 Kd5 41. Kg2 c5 42. b3 b5 43. a3 a5 44. Nxh2 R3h6 45. Rc1 Rxh2+ 46. Kg3
R2h7 47. Kg4 Rf8 48. c4+ bxc4 49. dxc4+ Kc6 50. Kg3 Rhf7 51. Kf2 Rxf3+ 52. Ke2
Rxb3 53. Rc2 Rh8 54. Kd1 Rh1+ 55. Kd2 Rh2+ 56. Kd1 Rb1+ 57. Rc1 Rh1+ 58. Kd2
Rhxc1 59. Ke3 Rc3+ 60. Ke4 Rxc4+ 61. Kf5 Rc2 62. Ke6 e4 63. Ke5 e3 64. Kf6 e2
65. Kg7 Rf1 66. Kg8 Rc3 67. Kh7 Rg3 68. Kh6 Rh1# 0-1

[Event "Washington Open"]
[Site "Chess.com"]
[Date "2020.05.23"]
[Round "?"]
[White "Verma, Darsh"]
[Black "Li, Emma"]
[Result "0-1"]
[WhiteElo "840"]
[BlackElo "1342"]
[PlyCount "124"]
[EventDate "2020.??.??"]

1. e4 e5 2. Nf3 Nc6 3. Bc4 Bc5 4. c3 d6 5. d4 Bb6 6. d5 Nce7 7. O-O Nf6 8. Nbd2
O-O 9. Qb3 Ng6 10. Qc2 Bd7 11. Nb3 Bg4 12. Be2 Bxf3 13. Bxf3 Re8 14. Re1 Qd7
15. h3 c6 16. dxc6 bxc6 17. Rd1 Qc7 18. Bg5 Rad8 19. Bxf6 gxf6 20. Rd2 Kh8 21.
Rad1 Nf4 22. Kh2 Ne6 23. g3 Ng5 24. Bg4 Kg7 25. h4 Ne6 26. Rd3 Nc5 27. Nxc5
Bxc5 28. b4 Bb6 29. Qd2 d5 30. exd5 cxd5 31. Rxd5 Rxd5 32. Qxd5 Qxc3 33. Qd2
Qc4 34. Be2 Qe6 35. h5 Bxf2 36. Bb5 Rb8 37. h6+ Kf8 38. Qd8+ Rxd8 39. Rxd8+ Ke7
40. Re8+ Kd6 41. Rxe6+ Kxe6 42. Bd3 f5 43. Kg2 Be3 44. g4 fxg4 45. Bxh7 Bxh6
46. Bd3 Bd2 47. b5 f5 48. Bc4+ Kd6 49. Kf2 e4 50. Be2 Ke5 51. Kg3 Be1+ 52. Kg2
Kf4 53. Kf1 Bd2 54. Kg2 Ke3 55. Bf1 f4 56. a4 g3 57. Kh3 Kf2 58. Bc4 g2 59. a5
g1=Q 60. Kh4 f3 61. b6 Qg5+ 62. Kh3 Qg3# 0-1